Electronic Commerce 2010 (Record no. 349615)

000 -LEADER
fixed length control field 00492nam a22002057a 4500
003 - CONTROL NUMBER IDENTIFIER
control field OSt
005 - DATE AND TIME OF LATEST TRANSACTION
control field 20180116182954.0
008 - FIXED-LENGTH DATA ELEMENTS--GENERAL INFORMATION
fixed length control field 140219b xxu||||| |||| 00| 0 eng d
040 ## - CATALOGING SOURCE
Transcribing agency 0
050 ## - LIBRARY OF CONGRESS CALL NUMBER
Classification number 658.84
082 ## - DEWEY DECIMAL CLASSIFICATION NUMBER
Edition number 6th
Classification number 658.4
100 ## - MAIN ENTRY--PERSONAL NAME
Personal name Efraim Turban
245 ## - TITLE STATEMENT
Title Electronic Commerce 2010
Remainder of title A Managerial Perspective
Statement of responsibility, etc. Efraim Turban
250 ## - EDITION STATEMENT
Edition statement Efraim Turban
260 ## - PUBLICATION, DISTRIBUTION, ETC.
Date of publication, distribution, etc. 2012
300 ## - PHYSICAL DESCRIPTION
Extent 778p.
600 ## - SUBJECT ADDED ENTRY--PERSONAL NAME
Personal name Efraim Turban
700 ## - ADDED ENTRY--PERSONAL NAME
Personal name Efraim Turban
942 ## - ADDED ENTRY ELEMENTS (KOHA)
Source of classification or shelving scheme
Koha item type Book
Holdings
Withdrawn status Lost status Source of classification or shelving scheme Materials specified (bound volume or other part) Damaged status Not for loan Permanent Location Current Location Shelving location Date acquired Source of acquisition Total Checkouts Full call number Barcode Date last seen Date last checked out Price effective from Koha item type Public note
      CSS Corner Book     Central Library (CL) Central Library (CL) Central Superior Services 02/19/2014 Allied Book Company 7 658.4 NBS9071 01/20/2020 06/21/2019 02/19/2014 CSS Corner CSS Corner Book
© 2023 Central Library, National University of Sciences and Technology. All Rights Reserved.